| 000 | 00957cam a22002412 4500 | ||
|---|---|---|---|
| 001 | 0000009030 | ||
| 005 | 20151021151119.0 | ||
| 008 | 080717s xx 000 0 eng d | ||
| 020 |
_a996694916x : _cDonation |
||
| 040 |
_aKABU _cKABU |
||
| 100 | 1 |
_aGeda, Alemayehu. _@0000150459 |
|
| 245 | 1 | 0 |
_aSpecifying and estimating partial equilibrium models for use in macro models : _ba road map for the KIPPRA-Treasury macro model / _cAlemayehu Geda and Njuguna S. Ndung'u. |
| 260 |
_aNairobi : _bKIPPRA, _c2001. |
||
| 300 | _av, 33 p. | ||
| 650 | 0 |
_aEquilibrium (Economics) _xEconometric models _zKenya. _@0000161127 |
|
| 650 | 0 |
_aMacroeconomics _xEconometric models _zKenya. _@0000160740 |
|
| 700 | 1 |
_aNdungu, Njuguna S. _@0000152500 |
|
| 908 | _a080717 | ||
| 950 | _@1 | ||
| 999 |
_c812 _d812 |
||